ბათუმის შოთა რუსთაველის სახელმწიფო უნივერსიტეტის ბიბლიოთეკა

ქართული ენისა და ლიტერატურის სწავლების საკითხები სკოლაში : (ბიბ.ჩანაწერი № 53306)

000 -ლიდერი
ფიქსირებული სიგრძის საკონტროლო ველი 01323nam a2200241Ia 4500
001 - საკონტროლო ნომერი
საკონტროლო ველი 20347
003 - საკონტროლო ნომრის იდენტიფიკატორი
საკონტროლო ველი GE_BSU
005 - ბოლო ოპერაციის თარიღი და დრო
საკონტროლო ველი 20200927222245.0
008 - ფიქსირებული სიგრძის მონაცემთა ელემენტები - ზოგადი ინფორმაცია
ფიქსირებული სიგრძის საკონტროლო ველი 181216s1954||||ge |||||||||||||| ||geo||
040 ## - კატალოგიზაციის წყარო
Transcribing agency GE_BSU
041 ## - ენის კოდი
Language code of text/sound track or separate title geo
080 ## - უნივერსალური ათობითი კლასიფიკაციის ინდექსი
Universal Decimal Classification number 811.353.1(072) + 821.353.1 ქ-27
245 ## - ცნობა სათაურის შესახებ
Title ქართული ენისა და ლიტერატურის სწავლების საკითხები სკოლაში :
Remainder of title [კრებული] 6 /
Statement of responsibility, etc რედ. ვ. მახარაძე.
260 ## - გამოქვეყნების, გავრცელების, და სხვა. ცნობები
Place of publication, distribution, etc თბილისი
260 ## - გამოქვეყნების, გავრცელების, და სხვა. ცნობები
Name of publisher, distributor, etc ინსტიტუტის გამომცემლობა
260 ## - გამოქვეყნების, გავრცელების, და სხვა. ცნობები
Date of publication, distribution, etc 1954
300 ## - ფიზიკური აღწერა
Extent 307 გვ;21სმ.
653 ## - INDEX TERM--UNCONTROLLED
Uncontrolled term - ქართული ენის სწავლების მეთოდიკა; ქართული ლიტერატურის სწავლების მეთოდიკა;
700 ## - ADDED ENTRY--PERSONAL NAME
Personal name მახარაძე, ვ.
Relator term რედაქტორი
9 (RLIN) 9411
710 ## - ADDED ENTRY--CORPORATE NAME
Corporate name or jurisdiction name as entry element საქართველოს სსრ განათლების სამინისტროს პედაგოგიურ მეცნიერება სამეცნიერო საკვლევი ინსტიტუტი
9 (RLIN) 9556
942 ## - ADDED ENTRY ELEMENTS (KOHA)
Koha item type წიგნი
Source of classification or shelving scheme
ეგზემპლარები
ჩამოწერის სტატუსი დაკარგული ეგზემპლარის სტატუსი კლასიფიკაციის წყარო ან თაროზე გაწყობის სქემა დაზიანების სტატუსი არ გაიცემა მუდმივი მდებარეობა (დაცვის ადგილი) ამჟამინდელი ადგილსამყოფელი თაროზე განთავსების ადგილი შეძენის თარიღი ღირებულება, შესყიდვის ნორმალური ფასი სრული შენახვის შიფრი შტრიხკოდი ბოლო ოპერაციის თარიღი ეგზემპლარის მიმდევრობითი ნომერი (კეტერი?) ფასის ძალაში შესვლის თარიღი ეგზემპლარის სახეობა საჯარო შენიშვნა
          ბათუმის შოთა რუსთაველის სახელმწიფო უნივერსიტეტის მთავარი ბიბლიოთეკა ბათუმის შოთა რუსთაველის სახელმწიფო უნივერსიტეტის მთავარი ბიბლიოთეკა წიგნსაცავი 2018-12-17 1.38 811.353.1(072) + 821.353.1 ქ-27 53207 2018-12-17 53207 2018-12-17 წიგნი 1.38 ლ.
          ბათუმის შოთა რუსთაველის სახელმწიფო უნივერსიტეტის მთავარი ბიბლიოთეკა ბათუმის შოთა რუსთაველის სახელმწიფო უნივერსიტეტის მთავარი ბიბლიოთეკა წიგნსაცავი 2018-12-17 1.38 811.353.1(072) + 821.353.1 ქ-27 53208 2018-12-17 53208 2018-12-17 წიგნი 1.38 ლ.
          ბათუმის შოთა რუსთაველის სახელმწიფო უნივერსიტეტის მთავარი ბიბლიოთეკა ბათუმის შოთა რუსთაველის სახელმწიფო უნივერსიტეტის მთავარი ბიბლიოთეკა წიგნსაცავი 2018-12-17 1.38 811.353.1(072) + 821.353.1 ქ-27 53209 2018-12-17 53209 2018-12-17 წიგნი 1.38 ლ.